Statistics for Big East Logos

Click here to take the quiz!

General Stats

  • This quiz has been taken 134 times
  • The average score is 9 of 11

Answer Stats

Answer% Correct
Villanova Wildcats
100%
Xavier Musketeers
95%
DePaul Blue Demons
90%
Butler Bulldogs
87%
Georgetown Hoyas
82%
Marquette Golden Eagles
82%
St. John's Red Storm
79%
Creighton Blue Jays
77%
Providence Friars
69%
Seton Hall Pirates
64%
Connecticut Huskies
49%

Score Distribution

Percentile by Number Answered

Percent of People with Each Score

Your Score History

You have not taken this quiz